Statistics for States of Sudan

Click here to take the quiz!

General Stats

  • This quiz has been taken 30 times
  • The average score is 7 of 18

Answer Stats

State% Correct
South Darfur
69%
North Darfur
69%
East Darfur
63%
Khartoum State
63%
West Darfur
63%
White Nile
50%
Blue Nile State
50%
Northern
44%
River Nile
44%
Central Darfur
38%
Kassala
38%
Red Sea
38%
Sennar
19%
Al Jazirah
13%
South Kurdufan
13%
Al Qadarif
13%
North Kurdufan
13%
West Kurdufan
6%

Score Distribution

Percentile by Number Answered

Percent of People with Each Score

Your Score History

You have not taken this quiz